000 01146cam a2200313 4500
008 011218n2001 000 0 eng u
020 _a0754515168
035 _a(Sirsi) u116055
041 _aeng.
050 _a650
110 _aAndersons Chartered Accountants
_93967
245 _aPersonal service companies : a practical guide
250 _a2nd ed.
260 _aCroydon
_bTolley
_c2001
300 _a748p.
_c23cm.
350 _a42.95
520 _aProvides guidance on the legal, management and taxation issues, including IR35, involved in setting up, running and dissolving a Personal Service Company. Includes information on: the application of the IR35 Test; suggested defence strategies; Inland Revenue enquiries; and the judgment in R v Commissioners of Inland Revenue & Others.
650 _aPERSONAL SERVICE COMPANIES
650 _aIR35
650 _aSELF-EMPLOYMENT
650 _aVALUE ADDED TAX
650 _aSTARTING UP IN BUSINESS
650 _aCORPORATION TAX
650 _aCOMPANY ACCOUNTS
650 _aCOMPANY LAW
650 _aMANAGEMENT
690 _aMANAGEMENT-BUSINESS MANAGEMENT
942 _n0
999 _c101818
_d101818